000 00484nam a2200193 a 4500
005 20210219153511.0
008 991125n 000 0 spa u
035 _aUPN01000103165
100 1 _aMartí, José,
_d1853-1895
222 _aEDUCADORES DEL MUNDO
245 _aUn pueblo instruido será siempre fuerte y libre
300 _a9-10
362 0 _a1988 No. 4
653 0 _aCUBA
653 0 _aEDUCACION
653 0 _aMAESTROS
904 _aAC
_b040976
905 _aArticulo
999 _c78519
_d78519